000 00802nam a2200229Ii 4500
003 JO-AjNU
008 230605s9999||||xx |||||||||||||| ||und||
017 _a23907/2014
020 _a978-977-04-7685-7
040 _aJO-AjNU
_bara
_erda
_cJO-AjNU
041 _aara
050 1 4 _aK923.2015
100 3 _aابو رية، إيناس مصطفى محمود,
_eauthor
_964437
245 0 0 _aالمسئولية الدولية عن زراعة الألغام في ضوء احكام القانون الدولي والانساني
250 _aط1
264 3 1 _aالقاهرة: دار النهضة العربية، 2015
300 _a605ص
336 _atext
_btxt
_2rdacontent
337 _aunmediated
_bn
_2rdamedia
338 _avolume
_bnc
_2rdacarrier
650 4 _aالالغام-قوانين
_964438
999 _aA29366
_c32934
_d32934